| 000 | 00673nam a22002297a 4500 | ||
|---|---|---|---|
| 005 | 20180525152045.0 | ||
| 008 | 180525b xxu||||| |||| 00| 0 eng d | ||
| 020 |
_a9781137612076 _cRs 545 |
||
| 040 | _beng | ||
| 041 | _aEnglish | ||
| 082 |
_a820.9 _bHAS |
||
| 100 | _aHaslett, Moyra | ||
| 245 |
_aPope to Burney, 1714-1779 _bScriblerians to bluestockings _cMoyra Haslett |
||
| 260 |
_aBasingstoke _bPalgrave Macmillan _c2003 |
||
| 300 |
_axviii,302p _b24 cm |
||
| 440 | _aTransitions | ||
| 504 | _aIncludes bibliography and index | ||
| 650 |
_aEnglish Literature _vHistory and criticism _y18th century |
||
| 650 | _aIntertexuality | ||
| 850 | _aLCLIB | ||
| 942 | _cBK | ||
| 999 |
_c41585 _d92064 |
||